| 000 | 00421nam a2200181Ia 4500 | ||
|---|---|---|---|
| 001 | 13340 | ||
| 003 | GE_BSU | ||
| 008 | 181216s||||||||xx |||||||||||||| ||und|| | ||
| 040 | _cGE_BSU | ||
| 080 | _a821.111-3 | ||
| 100 | _aGalswortby,Jobn. | ||
| 245 | _aTo let. | ||
| 245 | _bBook three of the forsyte saga. | ||
| 260 | _c1968 | ||
| 300 | _a254p;18cm. | ||
| 653 | _aTo let.Book three of the forsyte saga. | ||
| 942 | _cBK | ||
| 999 |
_c46501 _d46501 |
||